000 00811nam a2200253Ia 4500
003 OSt
005 20220928120758.0
006 a|||||r|||| 00| 0
007 ta
008 220927b |||||||| |||| 00| 0 eng d
020 _c2253.5999999999999
024 _a109210
037 _b5827, 01/09/2010, Efficient Book Distributors
_cTextual
040 _aSDCL
_cSDCL
_beng
041 _2eng
_aeng
082 _aY15:47.1'P, Q0
100 _aBasu Amrita Ed.
_9437284
245 0 _aWomen's movements in the global era
_b The power of local feminisms.
260 _aBoulder
_bWestview Press
_c2010
300 _axii,495p
_ccm.
650 _aPolitical Science
942 _hY15:47.1'P, Q0
_cTEXL
_2CC
999 _c765208
_d765208